1660 1249 1701 1129 1719 1261 1925 1159 1378 1142 1962 1055 1101 1519 1801 1960 1211 1070 1194 1697 1864 1019 1822 1051 1117 1865 1767 1996 1393 1471 1294 1653 1639 1418 1923 1747 1072 1574 1945 1095 1819 1141 1879 1454 1653 1465 1355 1452 1841 1828 1984 1550 1340 1951 1749 1346 1005 1153 1625 1156 1532 1224 1739 1882 1545 1343 1284 1585 1016 1909 1582 1333 1743 1472 1094 1645 1250 1514 1545 1569 1105 1619 1806 1013 1741 1588 1177 1911 1409 1288 1012 1129 1803 1251 1040 1437 1733 1536 1260 BCNSPRNW ULIB Ver.6.0+V

เปลี่ยนเป็นภาษาไทย

Change to English
 แสดงรายละเอียดบรรณานุกรม
  กลับหน้าหลัก

Brief Record : Get Marc (ISO 2709) : E-mail record : QR code < ปิดหน้าต่าง
LEADER : 00000nam 2200000uu 4500
001    13399111998
003     ULIB
008    110719s2551||||th 000 0 tha d
020    9744513816
090    นว.^bจ757S 2551
100 0   เจ้าปลาน้อย,นามแฝง
245 00  Switch รักเปลี่ยนหัวใจยัยตัวป่วน/^cเจ้าปลาน้อย
250     พิมพ์ครั้งที่ 1
260     กรุงเทพฯ :^bแจ่มใส,^c2551
300     205 หน้า
945    ^p149^l0^i026761
995     เกษร
999     ^aใช้งานได้ทุกระบบ
รายการนี้ยังไม่มีแท็ก
คุณยังไม่ได้ล็อกอิน คุณสามารถมีกิจกรรมร่วมกับเว็บไซต์ได้ แต่ต้องล็อกอินก่อน ::
  ล็อกอิน

รายการสื่อสารสนเทศ

ลำดับที่ ประเภท เลขเรียก/บาร์โค้ด สถานที่ สถานะ
1. วิทยาศาสตร์การแพทย์ และสุขภาพ
วิทยาศาสตร์การแพทย์ และสุขภาพ
นว. จ757S 2551  
  Barcode: 026761
ห้องสมุดวิทยาเขตสวรรค์ประชารักษ์
►นวนิยาย
บนชั้น
  ขอยืม

BibComment


ยังไม่เคยถูกคอมเมนท์

คอมเมนท์ทรัพยากรรายการนี้
  คอมเมนท์: Switch รักเปลี่ย..


 Copyright 2026. Bcnsprnw @Library